00567 2200169 4500001002100000005001500021035002000036007000300056008003900059082000700098084001300105100001800118245018600136260004600322650001400368990001500382INLIS00000000000988120260413122428 a0010-0426000183ta260413 | | |  a11 a11 REN p0 aRENA VERONIKA1 aPERAN SATPOL PP DALAM PELAKSANAAN PERATURAN DAERAH NOMOR 2 TAHUN 2023 TENTANG PENGENDALIAN DAN PENGAWASAN MINUMAN BERALKOHOL DI KECAMATAN KURUN KABUPATEN GUNUNG MAS /cRENA VERONIKA aPALANGKA RAYA :bPERPUSTAKAAN UMPR,c2026 4aSATPOL PP a2311228704